Ana bagaikan puteri

Bibliographic Details
Main Author: Ezee Rahmani
Format: Book
Published: KL : Blue-T Publication Sdn Bhd , 2008
Series:Siri Ana solehah
Subjects:

MARC

LEADER 00000cam a2200000 7i4500
001 0000038513
005 20151222.0
008 131114
020 |a 9833811700 
090 0 0 |a JF   |b MAL 
100 0 |a Ezee Rahmani 
245 1 0 |a Ana bagaikan puteri   |c Ezee Rahmani 
260 |a KL :   |b Blue-T Publication Sdn Bhd ,   |c 2008 
440 |a Siri Ana solehah 
500 |a Children ages 7-9 years old (orange) 
650 0 |a Malay fiction 
999 |a 0001249316   |b Book   |c Children Collection   |e Perbadanan Perpustakaan Awam Johor